zpět

Detail výsledku týmu

Hostinec Depo, Český Krumlov

Datum a čas kvízu

26 Celkem bodů Celkový počet nahraných bodů na tomto kvízu bez doplňovacích otázek.
7. Pořadí na kvízu Konečné umístění týmu na tomto kvízu.

Zaznamenané odpovědi

# Otázka Odpověď Body Výsledky
1. Vláda ve středu schválila vzni... Křivoklátsko 0
2. Ve čtvrtek vystoupil na konfer... C) Jak dostat Putina před soud 0
3. Herečtí parťáci známí napříkla... Eddie Murphy, Martin Lawrence 1
4. Dosavadním rozvážkovým službám... Česká pošta, COOP 1
5. Britský podnikatel Bernie Eccl... vozy Formule 1 1
6. Téma o nejpoužívanějších aplik... Netflix 0
7. Počet aktivních uživatelů je c... Snapchat 0
8. Jedna aplikace, ve které jsou... Duolingo 0
9. Ve které z těchto zemí jako v... C 0
10. Tento Evropan má kratičké příj... Spotify 0